000 00528nam a2200133Ia 4500
008 231129s1994||||xx |||||||||||||| ||spa||
020 _a958-9276-73-3
040 _bspa
082 _a350.0009861 C718
245 0 _aColombia. Consejerí­a Presidencial para la modernización del Estado. Gerencia pública en Colombia ; Editores Jorge Hernán Cárdenas Santa-Marí­a y William Zambrano Cetina Traducciones Pilar Garcí­a
260 _c1994
264 _aLa Consejerí­a
942 _2ddc
_cBKS
999 _c7360
_d7360